Games in economic development / (Record no. 3637)

000 -LEADER
fixed length control field 02195cam a2200349 a 4500
001 - CONTROL NUMBER
control field 14887525
003 - CONTROL NUMBER IDENTIFIER
control field Nust
005 - DATE AND TIME OF LATEST TRANSACTION
control field 20180117090010.0
008 - FIXED-LENGTH DATA ELEMENTS--GENERAL INFORMATION
fixed length control field 070611s2008 enka b 001 0 eng
010 ## - LIBRARY OF CONGRESS CONTROL NUMBER
LC control number 2007024357
020 ## - INTERNATIONAL STANDARD BOOK NUMBER
International Standard Book Number 9780521867580 (hardback)
020 ## - INTERNATIONAL STANDARD BOOK NUMBER
International Standard Book Number 9780521687157 (pbk.)
040 ## - CATALOGING SOURCE
Original cataloging agency DLC
Transcribing agency DLC
Modifying agency DLC
050 00 - LIBRARY OF CONGRESS CALL NUMBER
Classification number HD75
Item number .W955 2008
082 00 - DEWEY DECIMAL CLASSIFICATION NUMBER
Classification number 338.9001/5193
Edition number 22
100 1# - MAIN ENTRY--PERSONAL NAME
Personal name Wydick, Bruce,
Dates associated with a name 1954-
245 10 - TITLE STATEMENT
Title Games in economic development /
Statement of responsibility, etc. Bruce Wydick.
260 ## - PUBLICATION, DISTRIBUTION, ETC.
Place of publication, distribution, etc. Cambridge ;
-- New York :
Name of publisher, distributor, etc. Cambridge University Press,
Date of publication, distribution, etc. 2008.
300 ## - PHYSICAL DESCRIPTION
Extent xviii, 294 p. :
Other physical details ill. ;
Dimensions 26 cm.
504 ## - BIBLIOGRAPHY, ETC. NOTE
Bibliography, etc. note Includes bibliographical references (p. 273-285) and index.
505 0# - FORMATTED CONTENTS NOTE
Formatted contents note Economic development, interdependence, and incentives -- Games -- Development traps and coordination games -- Rural poverty, development and the environment -- Risk, solidarity networks, and reciprocity -- Understanding agrarian institutions -- Savings, credit, and microfinance -- Social learning and technology adoption -- Property rights, governance, and corruption -- Conflict, violence, and development -- Social capital -- The political economy of trade and development -- Appendix -- Exercises for interested readers -- References -- Index.
650 #0 - SUBJECT ADDED ENTRY--TOPICAL TERM
Topical term or geographic name entry element Development economics.
650 #0 - SUBJECT ADDED ENTRY--TOPICAL TERM
Topical term or geographic name entry element Game theory.
856 41 - ELECTRONIC LOCATION AND ACCESS
Materials specified Table of contents only
Uniform Resource Identifier <a href="http://www.loc.gov/catdir/toc/ecip0720/2007024357.html">http://www.loc.gov/catdir/toc/ecip0720/2007024357.html</a>
856 42 - ELECTRONIC LOCATION AND ACCESS
Materials specified Publisher description
Uniform Resource Identifier <a href="http://www.loc.gov/catdir/enhancements/fy0803/2007024357-d.html">http://www.loc.gov/catdir/enhancements/fy0803/2007024357-d.html</a>
856 42 - ELECTRONIC LOCATION AND ACCESS
Materials specified Contributor biographical information
Uniform Resource Identifier <a href="http://www.loc.gov/catdir/enhancements/fy0803/2007024357-b.html">http://www.loc.gov/catdir/enhancements/fy0803/2007024357-b.html</a>
906 ## - LOCAL DATA ELEMENT F, LDF (RLIN)
a 7
b cbc
c orignew
d 1
e ecip
f 20
g y-gencatlg
942 ## - ADDED ENTRY ELEMENTS (KOHA)
Source of classification or shelving scheme
Koha item type Book
Holdings
Withdrawn status Lost status Source of classification or shelving scheme Damaged status Not for loan Collection code Permanent Location Current Location Shelving location Date acquired Total Checkouts Full call number Barcode Date last seen Price effective from Koha item type Total Renewals Date last checked out
            Central Library (CL) Central Library (CL) General Stacks 11/23/2016   338.9001/5193 WYD S3H-S-560 11/23/2016 11/23/2016 Book    
            Central Library (CL) Central Library (CL) General Stacks 11/23/2016 2 338.90015193 WYD S3H-S-561 06/29/2022 11/23/2016 Book 1 07/02/2018
© 2023 Central Library, National University of Sciences and Technology. All Rights Reserved.